Kpop song by English lyrics (medium) - Statistics

General Stats
  • This quiz has been taken 246 times
  • The average score is 7 of 15
Answer Stats
Hint Answer % Correct
Hey, why so curious? Cheshire - itzy
77%
Bass kick swingin’ like I'm Bruce Lee (nah, nah, so) Kick it - nct 127
66%
Bunch of wannabes that wanna be me Shut down - blackpink
60%
So shut up, boy, so shut up, boy Bad girl good girl - miss A
58%
(But it’s you) You’re the one that I want Blue hour - txt
53%
I be like "Hold up, wait a minute, girl" Mommae - jay park
49%
It’s all I know, it’s all I know Chasing that feeling - txt
42%
Mobbin’ with the bad girls, you ain’t even gang Badvillain - badvillain
39%
Oh, you make me go crazy over you (you), you, baby Moonstruck - enhypen
38%
Let me be your superhero O.O - nmixx
37%
I'm not your girlfriend $$$ - (G)I-dle
35%
I gotta see the meaning of it Supernatural - newjeans
35%
We gon’ get it, pop it, we gon’, we gon’ get it, pop it (eh) Rhythm ta - ikon
29%
Take my soul, take my heart, el amor es ciego Blind - ateez
27%
Do you feel replaceable? (Yeah) Y.O.Universe - vcha
25%
No matching quizzes found
Score Distribution
Percent of People with Each Score
Percentile by Number Answered
Your Score History
You have not taken this quiz